Хрестоматия по истории классовой борьбы // Хрестоматия по истории классовой борьбы. - Крестьянство и пролетариат (Запись № 10210661)

Подробности
000 -МАРКЕР
контрольное поле 01626nam1a22003371 4500
001 - ИДЕНТИФИКАТОР ЗАПИСИ
контрольное поле RU\NLR\A1SV\129324
005 - ИДЕНТИФИКАТОР ВЕРСИИ
контрольное поле 20251203171251.9
035 ## - ДРУГИЕ СИСТЕМНЫЕ НОМЕРА
Идентификатор записи (NLR Aleph) 010520089
100 ## - ДАННЫЕ ОБЩЕЙ ОБРАБОТКИ
Данные общей обработки 20141002d1923 u y0rusy50 ca
101 0# - ЯЗЫК РЕСУРСА
Язык текста, звукозаписи и т.д. русский
102 ## - СТРАНА ПУБЛИКАЦИИ ИЛИ ПРОИЗВОДСТВА
Страна публикации Российская Федерация
200 1# - ЗАГЛАВИЕ И СВЕДЕНИЯ ОБ ОТВЕТСТВЕННОСТИ
Основное заглавие Хрестоматия по истории классовой борьбы
Первые сведения об ответственности Сост. Вал. Фейдер
Последующие сведения об ответственности [С предисл. Я.Нетупской]
-- Петрогубполитпросвет
210 ## - ПУБЛИКАЦИЯ, РАСПРОСТРАНЕНИЕ И ДР.
Место издания, распространения и т.д. Пг.
Имя издателя, распространителя и т. д. Прибой
Дата издания, распространения и т.д. 1923
215 ## - ФИЗИЧЕСКАЯ ХАРАКТЕРИСТИКА
Размеры 26 см
300 ## - ОБЩИЕ ПРИМЕЧАНИЯ
Текст примечания На обл. сост. не указан
300 ## - ОБЩИЕ ПРИМЕЧАНИЯ
Текст примечания Загл. обл.: Хрестоматия классовой борьбы
463 #0 - УРОВЕНЬ ФИЗИЧЕСКОЙ ЕДИНИЦЫ
Встроенное поле 001RU\NLR\A1SV\129325
Системный номер (АБИС) связанной записи 13490327
Физическая характеристика 180 с.
Заглавие Хрестоматия по истории классовой борьбы. - Крестьянство и пролетариат
463 #0 - УРОВЕНЬ ФИЗИЧЕСКОЙ ЕДИНИЦЫ
Встроенное поле 001RU\NLR\A1SV\129326
Системный номер (АБИС) связанной записи 13490328
Физическая характеристика 196 с.
Заглавие Хрестоматия по истории классовой борьбы. - Революция на Западе
463 #0 - УРОВЕНЬ ФИЗИЧЕСКОЙ ЕДИНИЦЫ
Встроенное поле 001RU\NLR\A1SV\129327
Системный номер (АБИС) связанной записи 13490329
Физическая характеристика 351 с.
Заглавие Хрестоматия по истории классовой борьбы. - Революция в России
512 1# - ЗАГЛАВИЕ ОБЛОЖКИ
Заглавие обложки Хрестоматия классовой борьбы
620 ## - МЕСТО И ДАТА ПУБЛИКАЦИИ, ИСПОЛНЕНИЯ И Т. Д.
Город Санкт-Петербург
700 #1 - ИМЯ ЛИЦА - ПЕРВИЧНАЯ ОТВЕТСТВЕННОСТЬ
Начальный элемент ввода Фейдер
Часть имени, кроме начального элемента ввода В. А.
Даты 1883-
Расширение инициалов личного имени Валерия Андреевна
702 #1 - ИМЯ ЛИЦА - ВТОРИЧНАЯ ОТВЕТСТВЕННОСТЬ
Начальный элемент ввода Нетупская
Часть имени, кроме начального элемента ввода Я.
801 #0 - ИСТОЧНИК ЗАПИСИ
Страна Российская Федерация
Организация NLR
Дата составления 20141002
852 ## - МЕСТОНАХОЖДЕНИЕ И ШИФР ХРАНЕНИЯ
Идентификатор организации NLR
Шифр хранения (Call Number) 38.4.5.15
852 ## - МЕСТОНАХОЖДЕНИЕ И ШИФР ХРАНЕНИЯ
Идентификатор организации NLR
Шифр хранения (Call Number) 18.387.3.64-3
942 ## - ДОПОЛНИТЕЛЬНЫЕ ЭЛЕМЕНТЫ ЗАПИСИ (АБИС)
Тип экземпляра АБИС Книга
980 ## - КОЛЛЕКЦИЯ
Название коллекции Национальная библиография
980 ## - КОЛЛЕКЦИЯ
Название коллекции Международный сводный каталог русской книги (1918-1926)

Нет доступных экземпляров.